Mediátorové kompozitné bioelektródy a ich využitie v analýze potravín : Dát.obhj.: 19.12.1997

Salvato in:
Dettagli Bibliografici
Autore principale: Katrlík, Jaroslav (Autore)
Natura: Manoscritto Libro
Lingua:slovacco
Pubblicazione: Bratislava : STU v Bratislave ChtF, 1997
Tags: Aggiungi Tag
Nessun Tag, puoi essere il primo ad aggiungerne!!

MARC

LEADER 00000ntm a22000003a 4500
001 stu48907
005 20150617225708.2
008 990114s1997------------------------slo-d
040 |a STU  |b slo 
041 0 |a slo 
080 |a 543.25(043.3) 
100 1 |a Katrlík, Jaroslav  |4 aut 
245 1 |a Mediátorové kompozitné bioelektródy a ich využitie v analýze potravín :  |b Dát.obhj.: 19.12.1997 
260 |a Bratislava :  |b STU v Bratislave ChtF,  |c 1997 
300 |a 126 s 
500 |a Tab.,grafy,lit.Katedra analytickej chémie 
996 |b CKD385  |c C*KD385  |l CCI  |s A  |a 24  |w stu48907_0001